El Greco
Η επική ιστορία του ασυμβίβαστου καλλιτέχνη και υπερασπιστή της ελευθερίας, Δομήνικου Θεοτοκόπουλου, γνωστού στον κόσμο ως El Greco. Τοποθετημένη στον 16 αιώνα, η αναζήτηση του El Greco για ελευθερία και αγάπη εκτυλίσσεται από τις αυλές της Κρήτης και της Βενετίας μέχρι το Τολέδο στην Ισπανία. Εδώ,...
Αποθηκεύτηκε σε:
| Άλλοι συγγραφείς: | , , , , , , |
|---|---|
| Μορφή: | |
| Γλώσσα: | English Greek |
| Δημοσίευση: |
Αθήνα :
Audio Visual Enterprises,
c2008.
|
| Θέματα: | |
| Ετικέτες: |
Προσθήκη ετικέτας
Δεν υπάρχουν, Καταχωρήστε ετικέτα πρώτοι!
|
MARC
| LEADER | 00000cgm a2200000 i 4500 | ||
|---|---|---|---|
| 001 | 1/26919 | ||
| 008 | 130304s2008 gr ||| | || ||eng|| | ||
| 035 | |l 10113919 | ||
| 040 | |a GR-MyUa |b gre |e AACR2 | ||
| 041 | 0 | |a eng |a gre |j gre |j eng | |
| 082 | 7 | |a 791.437 |2 (22) | |
| 245 | 0 | 3 | |a El Greco |h [μαγνητοσκόπηση] / |c σκηνοθεσία: Γιάννης Σμαραγδής. |
| 260 | |a Αθήνα : |b Audio Visual Enterprises, |c c2008. | ||
| 300 | |a 1 βιντεοδίσκος (112 λεπτ.) : |b ομίλ., έγχρ. ; |c 4 3/4 ίν. | ||
| 500 | |a Κυκλοφόρησε πρώτη φορά ως κινηματογραφική ταινία το 2008. | ||
| 500 | |a 8 βραβεία ποιότητας, βραβείο τεχνικής αρτιότητας (ΕΤΕΚΤ), βραβείο κοινού - Φεστιβάλ Θεσσαλονίκης | ||
| 508 | |a Μοντάζ, Γιάνης Τσιτσόπουλος ; φωτογραφία, Άρις Σταύρου ; μουσική, Βαγγέλης Παπαθανασίου ; το σενάριο είναι βασισμένο στο βιβλίο "Ελ Γκρέκο - ο ζωγράφος του Θεού" του Δημήτρη Σιατόπουλου ; σενάριο, Jackie Pavlenko & Γιάννης Σμαραγδής ; παραγωγός, Ελένη Σμαραγδή. | ||
| 511 | 0 | |a Nick Ashdon, Juan Diego Botto, Laia Marull, Λάκης Λαζόπουλος, Σωτήρης Μουστάκας, Δήμητρα Ματσούκα, Γιώργος Χριστοδούλου, Θοδωρής Ζουμπουλίδης, Δημήτρης Καλλιβωκάς, Ντίνα Κώνστα, Γιώργος Χαραλαμπίδης, Λήδα Πρωτοψάλτη, Κατερίνα Χέλμη, Γιώργος Καραμίχος, Ρένος Χαραλαμπίδης, Τάσος Παλαντζίδης. | |
| 520 | 8 | |a Η επική ιστορία του ασυμβίβαστου καλλιτέχνη και υπερασπιστή της ελευθερίας, Δομήνικου Θεοτοκόπουλου, γνωστού στον κόσμο ως El Greco. Τοποθετημένη στον 16 αιώνα, η αναζήτηση του El Greco για ελευθερία και αγάπη εκτυλίσσεται από τις αυλές της Κρήτης και της Βενετίας μέχρι το Τολέδο στην Ισπανία. Εδώ, έρχεται αντιμέτωπος με τον μεγαλύτερο εχθρό του, την Ιερά Εξέταση. Χωρίς ποτέ να υποχωρήσει στη μάχη με την άρχουσα τάξη της εποχής του, η ιστορία του El Greco συνδυάζει ασυνήθιστο ηρωισμό, αγάπη, προδοσία, αλλά και τη δύναμη ενός άντρα και της δημιουργικής του συνείδησης να ξεπεράσει την άγνοια και τη βαρβαρότητα. | |
| 546 | |a Στα αγγλικά με υπότιτλους στα ελληνικά. | ||
| 586 | 8 | |a 8 κρατικά βραβεία ποιότητας, 2007 | |
| 586 | 8 | |a Βραβείο τεχνικής αρτιότητας, ΕΤΕΚΤ | |
| 586 | 8 | |a Βραβείο κοινού 2007 | |
| 600 | 1 | 0 | |a Θεοτοκόπουλος, Δομήνικος, |d 1541-1614 |v Drama. |
| 655 | 7 | |a Feature films |2 lcgft | |
| 700 | 1 | |a Σμαραγδής, Γιάννης, |d 1946- |e drt | |
| 700 | 1 | |a Ashdon, Nick, |e act | |
| 700 | 1 | |a Botto, Juan Diego, |e act | |
| 700 | 1 | |a Λαζόπουλος, Λάκης, |e act | |
| 700 | 1 | |a Marull, Laia, |d 1973- |e act | |
| 700 | 1 | |a Μουστάκας, Σωτήρης, |e act | |
| 700 | 1 | |a Ματσούκα, Δήμητρα, |e act | |
| 852 | |a INST |b SYROS |c AV |e 20130304 |h 791.437 ΣΜΑ |p 005500010587 |q 005500010587 |t DVD |y 23 | ||
| 901 | |a BIBL5-2008-1 | ||
| 922 | |a 5ΕΛΗ |b 201211 |c ΒΙΒΛΙΟΘΗΚΗ ΣΥΡΟΥ |d ΚΙΣΚΑΚΗ ΜΑΡΙΑ | ||
| 970 | |a ΚΟΝΤΟΥ |b ΠΑΡΑΣΚΕΥΗ |z 2013/03/04 | ||